01015nam a2200229 a 450000100100000000500170001000800410002702000150006804000250008308200180010824500610012626000980018730000210028550001510030661100310045765000280048865000260051665000390054271000900058171000400067171000740071100003816020260323121931.0130320s1996 dr 000 0 spa d a9993430390 aDO-SdBNPbspacBNPHU a382.92bA189c00aAcuerdos comerciales multilaterales de la ronda Uruguay. aSanto Domingo :bComisión Nacional de Seguimiento a los Acuerdos del GAT/OMC ,c1996.g2001 a583 p. ;c23 cm. aAprobado por la Resolución No. 2-95, del Congreso Nacional de la República Dominicana promulgada por el Poder Ejecutivo el 20 de enero de 199524aRONDA URUGUAYd(1987-1994) 0aComercio internacional  0aTratados comerciales  4aRegulación del comercio exterior1 aRepública Dominicana. Comisión Nacional de Seguimiento a los Acuerdos del GAT/OMC2 aOrganización Mundial del Comercio2 aAcuerdo General sobre Aranceles Aduaneros y Comercio (Organización)